Home Print Resources E-Books E-Journals IIMT Lecture Series Library Membership Form Book Recommendation Form Campus Tour Take AdmissionAbout Us Contact Us

La france gourmande (Record no. 7176)

000 -LEADER
fixed length control field 00315nam a2200145Ia 4500
003 - CONTROL NUMBER IDENTIFIER
control field OSt
005 - DATE AND TIME OF LATEST TRANSACTION
control field 20231202043450.0
008 - FIXED-LENGTH DATA ELEMENTS--GENERAL INFORMATION
fixed length control field 170524s9999 xx 000 0 und d
020 ## - INTERNATIONAL STANDARD BOOK NUMBER
International Standard Book Number 1-86205-372-3
040 ## - CATALOGING SOURCE
Transcribing agency iimt
100 ## - MAIN ENTRY--PERSONAL NAME
Personal name Charpentier
245 #0 - TITLE STATEMENT
Title La france gourmande
260 ## - PUBLICATION, DISTRIBUTION, ETC.
Name of publisher, distributor, etc. Pavilion
942 ## - ADDED ENTRY ELEMENTS (KOHA)
Source of classification or shelving scheme
Koha item type Book Bank
Holdings
Withdrawn status Lost status Source of classification or shelving scheme Damaged status Not for loan Home library Current library Date acquired Coded location qualifier Barcode Date last seen Uniform Resource Identifier Price effective from Koha item type Public note Full call number
          IIMT University Central Library Meerut IIMT University Central Library Meerut 05/31/2017 Department 01-B-76848 05/31/2017 hotel management 05/31/2017 Book Bank / Loan Books Central Library to Hotel Management Departmental Library  
          IIMT University Central Library Meerut IIMT University Central Library Meerut 05/31/2017   01-B-76849 05/31/2017 hotel management 05/31/2017 Book Bank    
          IIMT University Central Library Meerut IIMT University Central Library Meerut 05/31/2017   01-B-76850 05/31/2017 hotel management 05/31/2017 Reference Book   R
IIMT, Central Library. All Rights Reserved IIMT,UNIVERSITY © 2023
Implemented and Customised by I CLOUDE EMS
You Are OPAC Visitor No
free web counter

Powered by Koha